[Event "Wuerttemberg-ch Blitz"]
[Site "Murrhard"]
[Date "2021.08.20"]
[Round "9"]
[White "Friedl, Bastian"]
[Black "Koeller, Horst"]
[Result "1-0"]
[WhiteElo "1584"]
[BlackElo "1718"]
[PlyCount "71"]
[EventDate "2021.08.20"]
[EventType "swiss (blitz)"]
[EventRounds "11"]
[EventCountry "GER"]
[SourceTitle "CBM 204 Extra"]
[Source "ChessBase"]
[SourceDate "2021.11.30"]
[SourceVersion "1"]
[SourceVersionDate "2021.11.30"]
[SourceQuality "1"]

1. e4 c5 2. Nc3 Nc6 3. Bb5 g6 4. Nge2 Bg7 5. Bxc6 bxc6 6. 0-0 d6 7. d3 Nf6 8. f4 e5 9. Ng3 0-0 10. f5 d5 11. Bg5 h6 12. Bd2 g5 13. Nh5 Rb8 14. b3 c4 15. Nxf6+ Bxf6 16. Qh5 Kg7 17. dxc4 dxc4 18. Rad1 Qb6+ 19. Kh1 cxb3 20. axb3 Rh8 21. Na4 Qc7 22. Qe2 Bb7 23. Nc5 Rhd8 24. Be3 Rxd1 25. Rxd1 Bc8 26. Qc4 h5 27. Qe2 Kh6 28. h4 Qe7 29. Nd3 Ba6 30. Qf2 Bxd3 31. Rxd3 Rg8 32. Qd2 Kh7 33. hxg5 Bxg5 34. Bxg5 Qxg5 35. Qxg5 Rxg5 36. Rd7 1-0

[Event "Stuttgart-chB int"]
[Site "Ditzingen"]
[Date "2018.05.11"]
[Round "4"]
[White "Koeller, Horst"]
[Black "Hahn, Martin"]
[Result "1/2-1/2"]
[WhiteElo "1718"]
[BlackElo "1767"]
[PlyCount "70"]
[EventDate "2018.05.10"]
[EventType "swiss"]
[EventRounds "7"]
[EventCountry "GER"]
[SourceTitle "EXT 2020"]
[Source "ChessBase"]
[SourceDate "2019.10.17"]
[SourceVersion "1"]
[SourceVersionDate "2019.10.17"]
[SourceQuality "1"]

1. d4 b6 2. e4 Bb7 3. Bd3 Nf6 4. Nd2 e6 5. Ne2 c5 6. 0-0 cxd4 7. Nxd4 Nc6 8. c3 Bc5 9. N2f3 Qc7 10. h3 a5 11. Re1 Ng8 12. Nb3 Nge7 13. Nxc5 bxc5 14. Be3 d6 15. Bb5 0-0 16. a4 Ng6 17. h4 Nce5 18. h5 Nxf3+ 19. Qxf3 Ne5 20. Qg3 Kh8 21. f4 Nd7 22. Bxd7 Qxd7 23. e5 d5 24. Bxc5 Rfc8 25. Bd4 Ba6 26. f5 Rab8 27. Qh4 Qd8 28. f6 gxf6 29. exf6 Rxb2 30. Re3 Qd7 31. Rg3 Qe8 32. Rg7 Bd3 33. Re1 Rb1 34. Rxb1 Bxb1 35. Qg3 Qf8 1/2-1/2

[Event "Stuttgart-chB int"]
[Site "Ditzingen"]
[Date "2008.05.01"]
[Round "2"]
[White "Gibicar, Danijel"]
[Black "Koeller, Horst"]
[Result "1-0"]
[WhiteElo "1745"]
[BlackElo "1599"]
[PlyCount "67"]
[EventDate "2008.05.01"]
[EventType "swiss"]
[EventRounds "7"]
[EventCountry "GER"]
[SourceTitle "EXT 2018"]
[Source "ChessBase"]
[SourceDate "2017.10.13"]
[SourceVersion "1"]
[SourceVersionDate "2017.10.13"]
[SourceQuality "1"]

1. d4 e6 2. Nf3 Ne7 3. e3 g6 4. Nbd2 Bg7 5. Bd3 b6 6. 0-0 Bb7 7. e4 d6 8. c3 Nd7 9. Nb3 0-0 10. Qe2 a5 11. Be3 a4 12. Nbd2 f5 13. exf5 exf5 14. Bg5 Nf6 15. Rfe1 Rf7 16. Bc4 Bd5 17. Bxd5 Nexd5 18. Qc4 h6 19. Bxf6 Nxf6 20. Nh4 d5 21. Qd3 Kh7 22. Qg3 Ng4 23. h3 Bf6 24. Nhf3 h5 25. hxg4 fxg4 26. Ne5 Rf8 27. Qd3 Bxe5 28. Rxe5 Qh4 29. Qe2 Rf4 30. Re7+ Kh6 31. g3 Qh3 32. gxf4 g3 33. fxg3 Qxg3+ 34. Qg2 1-0

[Event "Stuttgart-chB int"]
[Site "Ditzingen"]
[Date "2006.05.27"]
[Round "6"]
[White "Koeller, Horst"]
[Black "Behm, Wilfried"]
[Result "1/2-1/2"]
[WhiteElo "1608"]
[BlackElo "1871"]
[PlyCount "95"]
[EventDate "2006.05.25"]
[EventType "swiss"]
[EventRounds "7"]
[EventCountry "GER"]
[SourceTitle "EXT 2018"]
[Source "ChessBase"]
[SourceDate "2017.10.13"]
[SourceVersion "1"]
[SourceVersionDate "2017.10.13"]
[SourceQuality "1"]

1. e4 e6 2. c4 Ne7 3. d4 c6 4. Nf3 Ng6 5. Bd3 d6 6. 0-0 Be7 7. Nc3 Nd7 8. Ne1 e5 9. d5 Nc5 10. Bc2 0-0 11. b4 Nd7 12. Rb1 a5 13. b5 c5 14. Na4 b6 15. Bd3 Nf6 16. Rb2 h6 17. Nc3 Nh7 18. a4 Bg5 19. Ne2 Bg4 20. f3 Bd7 21. g4 Qf6 22. Ng2 Bxc1 23. Qxc1 Ng5 24. f4 Nh3+ 25. Kh1 Bxg4 26. f5 Bxe2 27. Rxe2 Ngf4 28. Nxf4 Nxf4 29. Re3 Kh7 30. Rg1 Rg8 31. Reg3 Raf8 32. Qc3 g6 33. Rf1 g5 34. Rf2 Rg7 35. Bf1 Rh8 36. Be2 Kg8 37. Kg1 Kf8 38. Kf1 Rhg8 39. Ke1 h5 40. Kd1 Qh6 41. h3 Qf6 42. Rh2 Qh6 43. Rh1 Qf6 44. Rh2 Qe7 45. Rh1 h4 46. Rg4 Nh5 47. Rf1 Nf6 48. Rgg1 1/2-1/2

[Event "Stuttgart-chB int"]
[Site "Ditzingen"]
[Date "2006.05.26"]
[Round "4"]
[White "Haak, Tillmann"]
[Black "Koeller, Horst"]
[Result "1-0"]
[WhiteElo "1835"]
[BlackElo "1608"]
[PlyCount "71"]
[EventDate "2006.05.25"]
[EventType "swiss"]
[EventRounds "7"]
[EventCountry "GER"]
[SourceTitle "EXT 2018"]
[Source "ChessBase"]
[SourceDate "2017.10.13"]
[SourceVersion "1"]
[SourceVersionDate "2017.10.13"]
[SourceQuality "1"]

1. e4 e5 2. Bc4 Nf6 3. Nc3 Bc5 4. d3 0-0 5. Nge2 c6 6. Ng3 b5 7. Bb3 a5 8. a3 d5 9. exd5 cxd5 10. h3 d4 11. Nce4 Be7 12. 0-0 Nxe4 13. Nxe4 Ra6 14. f4 Nd7 15. fxe5 Nxe5 16. Qh5 Ng6 17. Qxb5 Nh4 18. Rf2 Rg6 19. Kh1 Be6 20. Bd2 Bxb3 21. Qxb3 Qd7 22. Kh2 a4 23. Qc4 Rc6 24. Qxa4 f5 25. Ng3 g5 26. Kg1 Qc7 27. Qxd4 Bc5 28. Qd5+ Rf7 29. d4 Qxg3 30. dxc5 Rc8 31. Re1 Rcf8 32. Re7 f4 33. Rxf7 Rxf7 34. Qd3 f3 35. Qd8+ Kg7 36. Qxg5+ 1-0

[Event "Stuttgart-chA int"]
[Site "Ditzingen"]
[Date "2005.05.07"]
[Round "5"]
[White "Ferstl, Manfred"]
[Black "Koeller, Horst"]
[Result "1-0"]
[WhiteElo "1948"]
[BlackElo "1723"]
[PlyCount "57"]
[EventDate "2005.05.05"]
[EventType "swiss"]
[EventRounds "7"]
[EventCountry "GER"]
[SourceTitle "EXT 2018"]
[Source "ChessBase"]
[SourceDate "2017.10.13"]
[SourceVersion "1"]
[SourceVersionDate "2017.10.13"]
[SourceQuality "1"]

1. e4 c5 2. Nf3 Nc6 3. Nc3 d6 4. d4 cxd4 5. Nxd4 g6 6. g3 Bg7 7. Nde2 Nf6 8. Bg2 0-0 9. 0-0 Be6 10. Nd5 Rc8 11. h3 Bxd5 12. exd5 Nb4 13. c3 Nbxd5 14. Bxd5 Nxd5 15. Qxd5 Rc5 16. Qxb7 h5 17. Be3 Rc7 18. Qf3 h4 19. g4 f5 20. Nf4 fxg4 21. Qxg4 Rxf4 22. Bxf4 e5 23. Bg5 Qa8 24. Rad1 d5 25. Qe6+ Kh7 26. Qxd5 Qf8 27. Qe4 Rf7 28. Qxh4+ Kg8 29. Rd8 1-0

[Event "Stuttgart-chA int"]
[Site "Ditzingen"]
[Date "2005.05.06"]
[Round "3"]
[White "Hirneise, Jens"]
[Black "Koeller, Horst"]
[Result "1/2-1/2"]
[WhiteElo "1958"]
[BlackElo "1723"]
[PlyCount "41"]
[EventDate "2005.05.05"]
[EventType "swiss"]
[EventRounds "7"]
[EventCountry "GER"]
[SourceTitle "EXT 2018"]
[Source "ChessBase"]
[SourceDate "2017.10.13"]
[SourceVersion "1"]
[SourceVersionDate "2017.10.13"]
[SourceQuality "1"]

1. e4 d6 2. d4 g6 3. Nc3 Bg7 4. g3 Nf6 5. h3 0-0 6. Bg2 c6 7. a4 e5 8. dxe5 dxe5 9. Be3 Be6 10. Qf3 a6 11. Nge2 a5 12. 0-0 Na6 13. g4 Nb4 14. Rac1 Qe7 15. Ng3 Nd7 16. Qe2 f6 17. f4 exf4 18. Bxf4 Ne5 19. Qf2 Nc4 20. Rb1 Rad8 21. Kh1 1/2-1/2

[Event "Stuttgart-chA"]
[Site "Stuttgart"]
[Date "2004.??.??"]
[Round "?"]
[White "Koeller, Horst"]
[Black "Winkler, Stefan2222"]
[Result "1-0"]
[WhiteElo "1715"]
[BlackElo "1845"]
[PlyCount "69"]
[EventDate "2004.05.20"]
[EventType "swiss"]
[EventRounds "7"]
[EventCountry "GER"]
[SourceTitle "EXT 2007"]
[Source "ChessBase"]
[SourceDate "2006.11.23"]
[SourceVersion "1"]
[SourceVersionDate "2006.11.23"]
[SourceQuality "1"]

1. e4 e6 2. d4 d5 3. Bd3 dxe4 4. Bxe4 Nf6 5. Bf3 c5 6. c3 cxd4 7. cxd4 Nbd7 8. Ne2 Bd6 9. 0-0 Nb6 10. Nbc3 a6 11. Bg5 h6 12. Bh4 g5 13. Bg3 g4 14. Be4 Nxe4 15. Nxe4 Bxg3 16. fxg3 f5 17. Nc5 Nd5 18. Qd2 h5 19. Nf4 Qg5 20. Qe2 Nxf4 21. Rxf4 Qf6 22. Rd1 Kf7 23. Nd3 b5 24. Ne5+ Kg7 25. Rc1 Re8 26. Rc7+ Re7 27. Qc2 Bb7 28. Qc5 Rae8 29. Nd7 Qf7 30. Qe5+ Kg6 31. Qd6 Kh6 32. Rxb7 Rc8 33. Ne5 Rc1+ 34. Rf1 Rxf1+ 35. Kxf1 1-0